Carregant...
Fugitive /
| Autor principal: | |
|---|---|
| Format: | Printed Book |
| Idioma: | English |
| Publicat: |
Chennai:
Macmillan,
1994.
|
| Edició: | 1st ed. |
| Matèries: |
| LEADER | 00569cam a2200193ua 4500 | ||
|---|---|---|---|
| 008 | 090128t1994||||||||||| 00 ||eng c | ||
| 041 | 0 | |a eng | |
| 082 | |a 822.09 |b GAL/F | ||
| 100 | 0 | |a Galsworthy,, John. | |
| 245 | 1 | 0 | |a Fugitive / |
| 250 | |a 1st ed. | ||
| 260 | |a Chennai: |b Macmillan, |c 1994. | ||
| 300 | |a 85p.. | ||
| 362 | 1 | |a 1994. | |
| 365 | |e pb | ||
| 650 | 0 | |a English literature | |
| 942 | |c BK | ||
| 999 | |c 19962 |d 19962 | ||
| 952 | |0 0 |1 0 |4 0 |6 822_090000000000000_GAL |7 0 |9 20955 |a KUCL |b KUCL |d 2014-05-23 |l 1 |o 822.09 GAL/ |p G0745 |r 2017-10-13 |s 2017-08-26 |w 2014-05-23 |y BK |z Send for Binding | ||